00975nem a2200241 u 450000500170000000800410001704000250005804100080008304400070009109000140009811000670011224502250017925500140040426000340041830000350045265000230048765000240051065000240053471000230055894200120058199900170059395201230061020191224042251.0160513b1996 ck ||||| |a|| 00| 0 spa d aCO-BoIAVHcCO-BoIAVH aspa ack aMC-b02081 aEmpresa Colombiana de petroleos Distrito de Oleoductos 9680551 aFisiografia, cobertura vegetal y uso del suelo ;bProyecto: Estudio socioeconomico y evaluación fisico espacial para la delimitación de la reserva forestal protectora serrania de las quinchash[Material Cartografico] a1:100.000 aBogotá ;bEcopetrol ;c1996 a1 mapa ;bcolor ;c72 x 77 cm.16aGeografía99225916aHidrografía9536116aVegetación9927991 aBiocolombia965559 2zcMapa c18550d18550 00102z40708CARTOGRAFIaBogotabBogotad2016-05-13l0oMC-0208p040190r2016-05-13 00:00:00tEj.1w2016-05-13yMapa